000 00783nam a2200205 i 4500
001 146788
003 ES-MaACL
005 20230906201654.0
007 t|
008 070917s1948 sp ||||1| spa d
100 1 _aTrujillo, Diego de.
_9111563
245 1 0 _aRelación del descubrimiento del Reyno del Perú /
_cDiego de Trujillo ; edición, prólogo y notas de Raúl Porras Berrenechea.
250 _a[1ª ed.].
260 _aSevilla :
_bConsejo Superior de Investigaciones Científicas, Escuela de Estudios Hispano-Americanos,
_c1948.
300 _a124 p. ;
_c24 cm.
500 _aEs publicación n. XLVIII.
700 1 _aPorrás Berrenechea, Raúl.
_993149
710 2 _aEscuela de Estudios Hispano-Americanos (Sevilla)
_9134366
852 _aES-MaACL
_j1883-F-20
_bR.30546
999 _c146788
_d146788